| 000 | 00799nam a2200205Ia 4500 | ||
|---|---|---|---|
| 008 | 0000001988 usa 0000000000eng00 | ||
| 020 | _a915041049 | ||
| 090 | _aPUS00 H24a | ||
| 100 | 1 |
_aHeld, Al _d1928 |
|
| 245 | 1 | 0 |
_aAl Held _b: new paintings _c/ photographs Steven Slommann |
| 300 |
_a[34] p. _c/ 27 |
||
| 500 | _aExposición realizada en Donald Morris Gallery, Abril 23 Mayo 28, 1988 \ Con el patronazgo del maestro venezolano Jesús Rafael Soto (q.e.p.d.) | ||
| 600 | 0 | 0 |
_aHELD, AL, 1928200/ _xTRABAJOS PICTORICOS |
| 650 | 1 | 4 | _aARTE CONTEMPORANEO ESTADOUNIDENSE |
| 650 | 1 | 4 | _aPINTORES ESTADOUNIDENSES |
| 650 | 1 | 4 | _aPINTURA ABSTRACTA ESTADOUNIDENSE |
| 650 | 1 | 4 | _aPINTURA ESTADOUNIDENSE |
| 700 | 1 | _aSlommann, Steven | |
| 999 |
_c4568 _d4568 |
||
| 260 |
_aNew York : Donald Morris Gallery _c1988 |
||